|
|
|
|
| LEADER |
03339nam a22004575i 4500 |
| 001 |
978-88-470-5744-9 |
| 003 |
DE-He213 |
| 005 |
20151204185444.0 |
| 007 |
cr nn 008mamaa |
| 008 |
150227s2015 it | s |||| 0|ita d |
| 020 |
|
|
|a 9788847057449
|9 978-88-470-5744-9
|
| 024 |
7 |
|
|a 10.1007/978-88-470-5744-9
|2 doi
|
| 040 |
|
|
|d GrThAP
|
| 050 |
|
4 |
|a QC350-467
|
| 050 |
|
4 |
|a QC630-648
|
| 072 |
|
7 |
|a PHJ
|2 bicssc
|
| 072 |
|
7 |
|a PHK
|2 bicssc
|
| 072 |
|
7 |
|a SCI021000
|2 bisacsh
|
| 082 |
0 |
4 |
|a 535.2
|2 23
|
| 082 |
0 |
4 |
|a 537.6
|2 23
|
| 100 |
1 |
|
|a Giusfredi, Giovanni.
|e author.
|
| 245 |
1 |
0 |
|a Manuale di Ottica
|h [electronic resource] /
|c by Giovanni Giusfredi.
|
| 264 |
|
1 |
|a Milano :
|b Springer Milan :
|b Imprint: Springer,
|c 2015.
|
| 300 |
|
|
|a XXVI, 933 pagg. 269 figg.
|b online resource.
|
| 336 |
|
|
|a text
|b txt
|2 rdacontent
|
| 337 |
|
|
|a computer
|b c
|2 rdamedia
|
| 338 |
|
|
|a online resource
|b cr
|2 rdacarrier
|
| 347 |
|
|
|a text file
|b PDF
|2 rda
|
| 505 |
0 |
|
|a Prefazione -- Indice -- Abbreviazioni e simboli usati -- Introduzione all’Ottica -- Parte I -- Cenni storici: le prime scoperte sul magnetismo e l'elettricità -- 1 Richiami di elettromagnetismo -- Parte II -- Cenni storici: da Empedocle a Huygens -- 2 Ottica geometrica -- Parte III -- Cenni storici: Da Newton a Fresnel -- 3 Interferenza -- 4 Diffrazione -- Parte IV -- Cenni storici: Da Fourier a Fizeau -- 5 Ottica di Fourier -- Parte V -- Cenni storici: da Kirchhoff ad Einstein -- 6 Propagazione di fasci laser in mezzi lineari -- 7 Propagazione della luce in mezzi anisotropi -- Appendice A. Convenzioni sull’elettromagnetismo -- Appendice B. Relazioni matematiche -- Appendice C. I padri fondatori dell'Ottica -- Indice degli autori -- Indice analitico.
|
| 520 |
|
|
|a Questo libro costituisce un fondamento solido per la conoscenza dell’Ottica Fisica, presentando vari modi di trattare la propagazione di onde elettromagnetiche e indicando quali siano i metodi utili a specifici casi. Iniziando dall’elettromagnetismo, la riflessione, la rifrazione e la dispersione delle onde, espone argomenti quali l’Ottica Geometrica, l’Interferenza, la Diffrazione, la Coerenza, i fasci Laser, la Polarizzazione, la Cristallografia e l’Anisotropia. Tratta componenti ottici come lenti, specchi, prismi, interferometri classici, Fabry-Perot e cavità risonanti, multistrati dielettrici, filtri interferenziali e spaziali, reticoli di diffrazione, polarizzatori e lamine birifrangenti. Vi sono inoltre argomenti poco reperibili, come il metodo delle matrici 4x4 per lo studio di fronti d’onda generalmente astigmatici, i metodi numerici tramite FFT per il calcolo della diffrazione, e la Bi-anisotropia, che tratta relativisticamente l’attività ottica e gli effetti Faraday e Fresnel-Fizeau. Particolare cura è stata posta nel contestualizzare gli argomenti scientifici al periodo storico e agli scienziati che hanno sviluppato i temi trattati.
|
| 650 |
|
0 |
|a Physics.
|
| 650 |
|
0 |
|a Optics.
|
| 650 |
|
0 |
|a Electrodynamics.
|
| 650 |
1 |
4 |
|a Physics.
|
| 650 |
2 |
4 |
|a Optics and Electrodynamics.
|
| 710 |
2 |
|
|a SpringerLink (Online service)
|
| 773 |
0 |
|
|t Springer eBooks
|
| 776 |
0 |
8 |
|i Printed edition:
|z 9788847057432
|
| 856 |
4 |
0 |
|u http://dx.doi.org/10.1007/978-88-470-5744-9
|z Full Text via HEAL-Link
|
| 912 |
|
|
|a ZDB-2-PHA
|
| 950 |
|
|
|a Physics and Astronomy (Springer-11651)
|